| 000 | 00626nam a2200181 i 4500 | ||
|---|---|---|---|
| 001 | bg | ||
| 100 | 1 |
_aGóral, Jerzy _d(1944- ). |
|
| 245 | 0 |
_aPrzepisy o informacji naukowej, technicznej i ekonomicznej-wykaz wybranych aktów prawnych z adnotacjami. [Według stanu na dzień 30 września 1980 r.] / _cJerzy Góral. |
|
| 260 |
_aWarszawa : _b[CINTe Wydawn. Inform.], _c1980. |
||
| 300 | _as. 30. | ||
| 490 | 1 |
_aSINTO-Materiały Metodyczne ; _v2 |
|
| 830 | _aSINTO-Materiały Metodyczne ; | ||
| 040 | _cBPK | ||
| 041 | _apol | ||
| 080 | _a016:342.951:002.1(438) | ||
| 942 | _cKS | ||
| 008 | s pl f |000 0 pol | ||
| 999 |
_c19730 _d19730 |
||
| 856 |
_uhttp://koha.tu.koszalin.pl/cgi-bin/koha/opac-detail.pl?biblionumber=19730 _yKatalog online BPK |
||